Ultimate Brainrot Quiz - Statistics

General Stats
  • This quiz has been taken 889 times
  • The average score is 3 of 10
Answer Stats
Hint Answer % Correct
charisma rizz
96%
jawline mewing
71%
livvy dunne gyatt
42%
guy in loo skibidi toilet
40%
stretch jelqing
28%
stop sign edging
21%
to the max goon
18%
breckie hill jynxi
15%
start of it all quandale dingle
11%
realization what has your life come to what the hell is wrong with you, stop this madness
1%
No matching quizzes found
Score Distribution
Percent of People with Each Score
Percentile by Number Answered
Your Score History
You have not taken this quiz